| 000 | 00764nam a2200253 i 4500 | ||
|---|---|---|---|
| 001 | 000025514 | ||
| 003 | DO-SdBNP | ||
| 005 | 20230919105223.0 | ||
| 007 | ta | ||
| 008 | 110217s2023 dr 000 0 spa d | ||
| 040 |
_aDO-SdBNP _bspa _cBNPHU _erda |
||
| 082 |
_bF293g _222 |
||
| 100 | _952164 | ||
| 110 |
_aFederación Dominicana de Municipios (FEDOMU) _984131 |
||
| 245 | 1 | 0 | _aGuía para la implementación de los ODS en el ámbito local de República Dominicana |
| 264 |
_aSanto Domingo : _bBúho, _c2023. |
||
| 300 |
_a80 paginas. : _bilustraciones ; _c29 cm. |
||
| 336 |
_2rdacontent _atexto _btxt |
||
| 337 |
_2rdamedia _asin mediación _bn |
||
| 338 |
_2rdacarrier _avolumen _bnc |
||
| 590 | _aInventariado, 2023/DG | ||
| 910 | _aDG | ||
| 942 |
_2ddc _cLBS1 |
||
| 999 |
_c54821 _d54821 |
||